O Novo Testamento (Record no. 155710)

MARC details
000 -LÍDER
campo de controle de tamanho fixo 00331 a2200145 4500
001 - NÚMERO DE CONTROLE
campo de controle 155710
040 ## - FONTE DA CATALOGAÇÃO
Instituição que transcreveu o registro Escola São Tomás de Aquino
240 10 - TÍTULO UNIFORME
Título uniforme O Novo Testamento
Idioma da obra por
245 10 - TÍTULO
Título O Novo Testamento
300 ## - DESCRIÇÃO FÍSICA
Extensão 313
362 0# - DATAS DE PUBLICAÇÃO E/OU DESIGNAÇÃO SEQUENCIAL
Datas de publicação e/ou designação sequencial 2002
440 #1 - DECLARAÇÃO DE SÉRIE/ENTRADA ADICIONADA--TÍTULO
Título Sociedade Bíblica do Brasil
697 ## - ENTRADA DE ASSUNTO LOCAL--ENTIDADE COLETIVA (RLIN)
Nome corporativo ou nome da jurisdição Novo Testamento
942 ## - ELEMENTOS DE ENTRADA ADICIONADOS (KOHA)
Tipo de material Koha Livros
Holdings
Situação do descarte Situação das perdas Situação física Não pode ser emprestado Biblioteca de origem Biblioteca atual Data de aquisição Total de empréstimos Número de chamada completo Código de barras Data de último acesso Data do preço efetivo Tipo de material Koha
        ESTA - SÃO BENTO ESTA - SÃO BENTO 30/04/2024   225 NOV EST00009795 30/04/2024 30/04/2024 Livros